| 000 | 00751cam a22002295a 4500 | ||
|---|---|---|---|
| 999 |
_c26859 _d26831 |
||
| 005 | 20181001105001.0 | ||
| 008 | 110201t2011 sz a frb 001 0 eng d | ||
| 020 | _a9783034304085 | ||
| 040 |
_aDLC _beng _cDLC _dDLC _dEG-ScBUE |
||
| 043 | _ama----- | ||
| 082 | 0 | 4 |
_a370.9174927 _bTEA _222 |
| 245 | 0 | 0 |
_aTeaching and learning in the Arab world / _cedited by Christina Gitsaki. |
| 260 |
_aBern ; _aNew York : _bPeter Lang, _cc.2011. |
||
| 300 |
_axvi, 473 p. ; _c24 cm. |
||
| 504 | _aIncludes bibliographical references and index. | ||
| 650 | 7 |
_aEducation _zArab countries. _2BUEsh |
|
| 650 | 7 |
_aEducational change _zArab countries. _2BUEsh |
|
| 651 | _2BUEsh | ||
| 653 |
_bGGEN _cSeptember2018 |
||
| 700 | 1 |
_aGitsaki, Christina, _teditor. |
|
| 942 | _2ddc | ||